| 000 | 01052nam a22003017a 4500 | ||
|---|---|---|---|
| 001 | 8381 | ||
| 003 | FISKH | ||
| 005 | 20250910111818.0 | ||
| 008 | 250910b cb ||||| |||| 00| 0 eng d | ||
| 020 | _a0713612509 | ||
| 040 |
_aFISKH _beng _cFISKH _dFISKH |
||
| 050 | _aPZ10.S79 W | ||
| 082 | _a531.1 | ||
| 100 | _aSrivastava, Jane Jonas | ||
| 245 |
_aWeighing & Balancing / _cBy Jane Jonas Srivastava : Illustrated by Aliki |
||
| 260 |
_aLondon : _bAdam & Charles Black , _c1970. |
||
| 300 |
_a38 pages : _bcolor illustrations ; _c20 cm . |
||
| 490 | _aYoung math books | ||
| 505 | _aL | ||
| 520 | _aInstructs the reader in constructing a sensitive balance device from a wooden rod, string, cup hooks, and paper plates which can be used for experiments to determine the weight of some common objects. | ||
| 521 | 8 |
_a530
_bLexile estimate |
|
| 521 | 8 |
_aL
_bRaz-Plus |
|
| 650 |
_aMeasurement _vNon-fiction |
||
| 650 |
_aYoung Math _vNon-fiction |
||
| 700 |
_aAliki _eIllustrator |
||
| 942 |
_2ddc _cBK _n0 |
||
| 999 |
_c8381 _d8381 |
||